Religion Quiz

Random Religion or Letter Quiz
Score 0/66 Timer 08:00
0 Plays Today
Beginning Letter Bible Book % Correct
JJob
96.5%
AActs
83.2%
MMark
80.2%
JJohn
79.6%
RRuth
78.2%
LLuke
77.7%
AAmos
72.4%
EEzra
71.6%
GGenesis
63.8%
EExodus
63.4%
JJude
61.8%
JJames
60.4%
PPsalms
60%
TTitus
57.3%
IIsaiah
56.9%
11 John
56.5%
22 John
56.4%
33 John
56.1%
DDeuteronomy
55.9%
NNumbers
55.5%
MMatthew
55.4%
HHosea
54.9%
EEsther
54.2%
JJudges
53.4%
RRomans
53.4%
JJonah
53.4%
LLeviticus
52.6%
DDaniel
52.6%
JJoshua
51.7%
MMicah
51%
11 Kings
49.8%
22 Kings
49%
RRevelation
48%
Beginning Letter Bible Book % Correct
EEzekiel
47.3%
NNahum
47.1%
JJoel
47%
OObadiah
46.6%
GGalatians
44.5%
SSong of Solomon
42.6%
PProverbs
42.4%
11 Corinthians
41.5%
22 Corinthians
41.2%
ZZechariah
40.9%
LLamentations
40.5%
MMalachi
40%
11 Peter
39.5%
HHebrews
39.3%
JJeremiah
39.2%
22 Peter
39.1%
EEcclesiastes
38.6%
11 Samuel
38.4%
22 Samuel
38.3%
HHaggai
38.3%
NNehemiah
37.2%
EEphesians
37%
PPhilippians
36.5%
ZZephaniah
35.7%
11 Thessalonians
34.4%
11 Chronicles
34.4%
22 Chronicles
34.1%
22 Thessalonians
34.1%
CColossians
33.7%
11 Timothy
31.7%
22 Timothy
31.6%
PPhilemon
30.8%
HHabakkuk
30.2%

You're not logged in!

Compare scores with friends on all Sporcle quizzes.
OR
Log In

Sporcle TV

Today on Sporcle TV


Watch our educational content, quiz creation guides, and fun videos on Sporcle TV.

Show Comments

Extras

Top Quizzes Today


Score Distribution

Your Account Isn't Verified!

In order to create a playlist on Sporcle, you need to verify the email address you used during registration. Go to your Sporcle Settings to finish the process.

Report this User

Report this user for behavior that violates our Community Guidelines.

Details: